| 000 | 00997nam a22003017a 4500 | ||
|---|---|---|---|
| 001 | BR7602737 | ||
| 003 | BR-BrBNA | ||
| 005 | 20230928084956.0 | ||
| 007 | ta | ||
| 008 | 230509b bl.||||| |||| 00| 0 por d | ||
| 040 |
_aBR-BrBNA _bpor _cBiblioteca Nacional de Agricultura |
||
| 041 | _a(Por) | ||
| 072 |
_aN10 _b/G514 |
||
| 090 | _ N10 BR7602737 | ||
| 110 | 1 |
_aFederacao das Cooperativas de Eletrificacao Rural do Rio Grande do Sul, Porto Alegre (Brasil) _94620 |
|
| 245 | 1 | _a2. Plano Nacional de Eletrificacao Rural. Regiao: Rio Grande do Sul. Programa quadrienal. Subprojetos 1976. Planejamento 1977-1978-1979 [Brasil] | |
| 260 | 3 |
_aPorto Alegre, RS (Brasil): _c[nd]. |
|
| 300 | _a45 p. | ||
| 500 | _aNumerical data; Published 1976? | ||
| 650 | _aEngenharia rural | ||
| 650 | _aEletrificacao rural | ||
| 650 | _aProjeto de desenvolvimento | ||
| 650 | _aFinanciamento | ||
| 650 | _aCusto | ||
| 650 | _aRio Grande do Sul | ||
| 909 |
_a202309 _bLucia _c55 _dLucia Elande |
||
| 942 | _cBK | ||
| 999 |
_c22211 _d22211 |
||